000 00425nam a22001697a 4500
003 MPLRDC
005 20220104124441.0
008 210129b ||||| |||| 00| 0 eng d
082 _a859.6 ZGMJ v.4
100 _a不详
245 _a亡羊补牢
_c
260 _a
_b人民书局有限公司
_c
300 _b
490 _a中国民间传奇故事
650 _a儿童民间故事--中国
942 _cBK
_o859.6 ZGMJ v.4
999 _c19429
_d19419